[Event "zonal 3.2"]
[Site "Jakarta INA"]
[Date "1993.??.??"]
[Round "1"]
[White "Reilly, Tim"]
[Black "Rogers, Ian"]
[Result "0-1"]
[WhiteElo "2350"]
[BlackElo "2575"]
[EventDate "1993.01.??"]
[PlyCount "50"]

1.d4 Nf6 2.c4 c5 3.d5 g6 4.Nc3 Bg7 5.e4 d6 6.Bd3 O-O 7.Nf3 Bg4 8.h3 Bxf3 
9.Qxf3 Na6 10.O-O Nc7 11.Bd2 Nd7 12.Qe2 a6 13.a4 e5 14.g3 f5 15.exf5 gxf5 
16.f4 e4 17.Bc2 Qf6 18.g4 Rae8 19.g5 Qf7 20.Kg2 Bd4 21.h4 Qg7 22.Kh1 Re7 
23.Nd1 h6 24.Ra3 hxg5 25.hxg5 Qh8+ 0-1

[Event "zonal 3.2"]
[Site "Jakarta INA"]
[Date "1993.??.??"]
[Round "1"]
[White "Ker, Anthony"]
[Black "Utut Adianto"]
[Result "0-1"]
[WhiteElo "2320"]
[BlackElo "2490"]
[EventDate "1993.01.??"]
[PlyCount "50"]

1.d4 d5 2.c4 dxc4 3.Nc3 Nf6 4.Bg5 c6 5.e3 b5 6.Bxf6 exf6 7.a4 b4 8.Ne4 Qd5
9.Qf3 f5 10.Ng3 b3 11.Be2 Qa5+ 12.Kf1 c3 13.bxc3 b2 14.Rd1 Qxc3 15.e4 Qc1 
16.Qd3 Be6 17.d5 fxe4 18.Nxe4 cxd5 19.Nc3 Be7 20.Nf3 Nc6 21.g4 O-O 22.Kg2 
Qf4 23.h3 Rfd8 24.Qb5 Nb4 25.Rb1 d4 0-1

[Event "zonal 3.2"]
[Site "Jakarta INA"]
[Date "1993.??.??"]
[Round "1"]
[White "Handoko, Edhi"]
[Black "Juswanto, Denny"]
[Result "1/2-1/2"]
[WhiteElo "2475"]
[BlackElo "2280"]
[EventDate "1993.01.??"]
[PlyCount "100"]

1.e4 c5 2.c3 d6 3.d4 Nf6 4.Bd3 g6 5.Ne2 Bg7 6.O-O O-O 7.h3 Nc6 8.d5 Ne5 9.
Bc2 b5 10.f4 Nc4 11.a4 bxa4 12.Rxa4 Nb6 13.Ra1 a5 14.Na3 Ba6 15.Rf2 Re8 
16.Ng3 Qc7 17.Nb1 Nbd7 18.Nd2 c4 19.Nf3 Nc5 20.Nd4 e6 21.dxe6 fxe6 22.f5 
e5 23.Nf3 d5 24.fxg6 hxg6 25.Nh4 d4 26.cxd4 exd4 27.Bf4 Qc6 28.e5 Nfe4 29.
Nxe4 Nxe4 30.Qxd4 Nxf2 31.Qxf2 Re6 32.Nf3 Qb6 33.Be4 Bb7 34.Be3 Qc7 35.Ng5
Rxe5 36.Bxg6 Rf8 37.Bh7+ Kh8 38.Qh4 Bf6 39.Bd3+ Kg8 40.Bxc4+ Bd5 41.Bxd5+ 
Rxd5 42.Qg4 Bxg5 43.Bxg5 Qg7 44.h4 Rff5 45.Ra4 Rxg5 46.hxg5 Rxg5 47.Qe6+ 
Qf7 48.Qe3 Qg6 49.Re4 Rxg2+ 50.Kf1 Rg5 1/2-1/2

[Event "zonal 3.2"]
[Site "Jakarta INA"]
[Date "1993.??.??"]
[Round "1"]
[White "Rodriguez, Ruben"]
[Black "Norris, Damian"]
[Result "1-0"]
[WhiteElo "2415"]
[BlackElo "2235"]
[EventDate "1993.01.??"]
[PlyCount "53"]

1.b3 e5 2.Bb2 Nc6 3.c4 f5 4.g3 Nf6 5.Bg2 d6 6.e3 Be7 7.Ne2 O-O 8.Nbc3 e4 
9.Nf4 Ne5 10.d4 exd3 11.Nxd3 c6 12.O-O Be6 13.Nf4 Bf7 14.Qc2 Nfd7 15.Rad1 
g5 16.Nfe2 Bh5 17.f3 Bg6 18.Nd4 f4 19.e4 Rf6 20.Bh3 h5 21.gxf4 Rxf4 22.
Nce2 Nxf3+ 23.Rxf3 Bxe4 24.Be6+ Kh7 25.Bf5+ Bxf5 26.Nxf5 Bf6 27.Nxd6+ 1-0

[Event "zonal 3.2"]
[Site "Jakarta INA"]
[Date "1993.??.??"]
[Round "1"]
[White "Mohd Kamal, Abdullah"]
[Black "Yang Xian"]
[Result "0-1"]
[WhiteElo "2230"]
[BlackElo "2415"]
[EventDate "1993.01.??"]
[PlyCount "84"]

1.e4 c5 2.Nc3 Nc6 3.g3 g6 4.Bg2 Bg7 5.d3 d6 6.Be3 e6 7.Qd2 Nd4 8.Nd1 Nf6 
9.c3 Nc6 10.h3 O-O 11.Ne2 e5 12.O-O b6 13.f4 Ba6 14.Nf2 d5 15.fxe5 Nxe5 
16.Bg5 dxe4 17.Nxe4 Nxe4 18.Bxe4 f6 19.Bh6 Rb8 20.Bxg7 Kxg7 21.Nf4 Qd7 22.
Rad1 Rbe8 23.Qg2 f5 24.Bd5 g5 25.Nh5+ Kg6 26.g4 fxg4 27.Ng3 Nf3+ 28.Bxf3 
gxf3 29.Rxf3 Bb7 30.Rxf8 Bxg2 31.Rxe8 Qxe8 32.Kxg2 Qa4 33.Rd2 Qxa2 34.d4 
cxd4 35.cxd4 Qd5+ 36.Kf2 b5 37.Nf1 Qf5+ 38.Kg2 Qe4+ 39.Kf2 Kf6 40.d5 Qf4+ 
41.Ke2 Ke7 42.d6+ Kd7 0-1

[Event "zonal 3.2"]
[Site "Jakarta INA"]
[Date "1993.??.??"]
[Round "1"]
[White "Barus, Cerdas"]
[Black "Mok Tze Meng"]
[Result "1-0"]
[WhiteElo "2375"]
[BlackElo "2200"]
[EventDate "1993.01.??"]
[PlyCount "69"]

1.d4 Nf6 2.c4 c5 3.d5 b5 4.cxb5 a6 5.bxa6 Bxa6 6.Nc3 g6 7.g3 d6 8.Bg2 Bg7 
9.Nf3 O-O 10.O-O Nbd7 11.Re1 Qa5 12.Qc2 Rfb8 13.Rd1 Nb6 14.Nd2 Nc4 15.Nxc4
Bxc4 16.Bd2 Qc7 17.b3 Ba6 18.Rab1 h5 19.Re1 h4 20.gxh4 Qd7 21.h3 Ra7 22.a3
Rab7 23.e4 Nh5 24.Ne2 Bf6 25.Ng3 Ng7 26.Bg5 Be5 27.f4 Bd4+ 28.Kh2 f6 29.
Bh6 Nh5 30.Nxh5 gxh5 31.e5 Kh8 32.e6 Qe8 33.Be4 Qb5 34.Bg7+ Kxg7 35.Qg2+ 
1-0

[Event "zonal 3.2"]
[Site "Jakarta INA"]
[Date "1993.??.??"]
[Round "2"]
[White "Rogers, Ian"]
[Black "Rodriguez, Ruben"]
[Result "0-1"]
[WhiteElo "2575"]
[BlackElo "2415"]
[EventDate "1993.01.??"]
[PlyCount "128"]

1.e4 e6 2.d4 d5 3.Nc3 Nf6 4.e5 Nfd7 5.Nf3 c5 6.dxc5 Nc6 7.Bf4 Nxc5 8.Bb5 
a6 9.Bxc6+ bxc6 10.O-O h6 11.Nd4 Nb7 12.Nxc6 Qc7 13.Nd4 g5 14.Bg3 h5 15.h3
Na5 16.Re1 Bb7 17.Qf3 Be7 18.Rad1 g4 19.hxg4 hxg4 20.Qxg4 O-O-O 21.Nxe6 
Qd7 22.Nxd5 Bxd5 23.Rxd5 Qxe6 24.Rxd8+ Bxd8 25.Qf3 Nc6 26.Bf4 Bc7 27.c3 f6
28.Qe4 fxe5 29.Be3 Kb7 30.b4 Rg8 31.b5 axb5 32.Rb1 Kc8 33.Rxb5 Rg4 34.Qd5 
Qxd5 35.Rxd5 Ra4 36.Rd2 Rc4 37.Rd3 Ba5 38.Rd5 Kc7 39.Kf1 Ra4 40.Rd2 Bxc3 
41.Rc2 Bd4 42.Bd2 Kd6 43.f3 Kd5 44.g4 Bc5 45.Be1 Nd4 46.Rf2 Ra3 47.Kg2 Ne6
48.Rc2 Nf4+ 49.Kg3 Bd6 50.Rd2+ Nd3 51.Bf2 Ke6 52.Re2 Nf4 53.Rb2 Nd3 54.Re2
Kf6 55.Be3 Nf4 56.Bxf4 exf4+ 57.Kg2 Bc5 58.Rc2 Be3 59.Kh3 Bd4 60.Kg2 Ke5 
61.Re2+ Kd5 62.g5 Be5 63.Kh3 Rxf3+ 64.Kg4 Rf1 0-1

[Event "zonal 3.2"]
[Site "Jakarta INA"]
[Date "1993.??.??"]
[Round "2"]
[White "Yang Xian"]
[Black "Johansen, Darryl"]
[Result "0-1"]
[WhiteElo "2415"]
[BlackElo "2500"]
[EventDate "1993.01.??"]
[PlyCount "78"]

1.e4 c5 2.Nf3 Nc6 3.d4 cxd4 4.Nxd4 Nf6 5.Nc3 d6 6.Bg5 e6 7.Qd2 a6 8.O-O-O 
h6 9.Bf4 Bd7 10.Nxc6 Bxc6 11.f3 d5 12.Qe1 Bb4 13.a3 Ba5 14.e5 Bc7 15.Bd2 
Nd7 16.f4 Nc5 17.Be3 Qe7 18.Ne2 Bb5 19.Nd4 Bxf1 20.Rxf1 Ne4 21.Qe2 O-O 22.
Qg4 Kh8 23.Qh3 Rac8 24.g4 Bb6 25.Kb1 Rc4 26.g5 Rfc8 27.gxh6 g6 28.f5 exf5 
29.Nxf5 Qe6 30.Bxb6 Nc3+ 31.bxc3 Qxb6+ 32.Kc1 Rxc3 33.Ne3 R8c7 34.Rf3 d4 
35.e6 f5 36.Qh4 Qb3 37.Rd2 dxe3 38.Rxe3 Rxc2+ 39.Kd1 Rxd2+ 0-1

[Event "zonal 3.2"]
[Site "Jakarta INA"]
[Date "1993.??.??"]
[Round "2"]
[White "Hsu Li Yang"]
[Black "Gunawan, Ruben"]
[Result "1/2-1/2"]
[WhiteElo "2370"]
[BlackElo "2420"]
[EventDate "1993.01.??"]
[PlyCount "96"]

1.d4 c5 2.d5 Nf6 3.c4 g6 4.Nc3 Bg7 5.e4 d6 6.Bd3 O-O 7.h3 e6 8.Nf3 exd5 9.
cxd5 b5 10.Bxb5 Nxe4 11.Nxe4 Qa5+ 12.Nfd2 Qxb5 13.Nxd6 Qa6 14.N2c4 Nd7 15.
O-O Nb6 16.Nxb6 axb6 17.Qb3 Bd7 18.Be3 Ba4 19.Qc4 Bxb2 20.Rab1 Bg7 21.Nb5 
Rfd8 22.Rfc1 Be5 23.Bg5 Rd7 24.Re1 Bd4 25.Na3 Qb7 26.Bh6 Rxd5 27.Qxa4 
Bxf2+ 28.Kh1 Bxe1 29.Rxe1 Qc8 30.Qb3 Rh5 31.Bc1 Qc6 32.Qc3 Rf5 33.Bb2 f6 
34.Nc4 Rf2 35.Ne3 Re8 36.Kg1 Rxe3 37.Qc4+ Kg7 38.Kxf2 Rxe1 39.Kxe1 Qxg2 
40.Qb3 Qg1+ 41.Kd2 Qg2+ 42.Kc1 Qf1+ 43.Kc2 Qe2+ 44.Kb1 Qe4+ 45.Kc1 Qh1+ 
46.Kd2 Qg2+ 47.Kd1 Qf1+ 48.Kc2 Qg2+ 1/2-1/2

[Event "zonal 3.2"]
[Site "Jakarta INA"]
[Date "1993.??.??"]
[Round "2"]
[White "Juswanto, Denny"]
[Black "Wohl, Aleksandar"]
[Result "1-0"]
[WhiteElo "2280"]
[BlackElo "2360"]
[EventDate "1993.01.??"]
[PlyCount "87"]

1.d4 Nf6 2.g3 e6 3.Bg2 c5 4.c3 Nc6 5.e4 d5 6.e5 Nd7 7.Ne2 cxd4 8.cxd4 Bb4+
9.Nbc3 O-O 10.O-O f6 11.Nf4 Nb6 12.exf6 Qxf6 13.Nce2 Bd7 14.b3 Bd6 15.Bb2 
a5 16.Qd2 a4 17.Nd3 Be8 18.Nef4 Bf7 19.Qe3 Nd7 20.Rfe1 Rfe8 21.h4 Nb4 22.
Nxb4 Bxb4 23.Bc3 Bd6 24.Nd3 Bg6 25.Nc5 Bxc5 26.dxc5 Qf7 27.Rad1 axb3 28.
axb3 Nf6 29.b4 Ra3 30.Qc1 Rb3 31.f3 b6 32.Bd4 bxc5 33.bxc5 Rb4 34.Qf4 Rc4 
35.Qd6 Qe7 36.Bf1 Qxd6 37.cxd6 Rb4 38.Bh3 Bf7 39.Rd2 Nd7 40.Rc1 Rd8 41.Rc7
Ra4 42.Rb2 Rxd4 43.Rxd7 Ra8 44.Rbb7 1-0

[Event "zonal 3.2"]
[Site "Jakarta INA"]
[Date "1993.??.??"]
[Round "2"]
[White "Norris, Damian"]
[Black "Reilly, Tim"]
[Result "1-0"]
[WhiteElo "2235"]
[BlackElo "2350"]
[EventDate "1993.01.??"]
[PlyCount "63"]

1.e4 d6 2.d4 Nf6 3.Nc3 g6 4.Bg5 c6 5.Qd2 b5 6.Bd3 Nbd7 7.f4 Bg7 8.e5 b4 9.
Nce2 Nd5 10.exd6 f6 11.dxe7 Qxe7 12.Bh4 Bh6 13.Kf2 O-O 14.Nf3 N7b6 15.Rhe1
c5 16.c4 bxc3 17.Nxc3 Qd6 18.Ne4 Qc6 19.Bg3 c4 20.Rac1 Qc7 21.Qa5 Qd8 22.
Bxc4 Nxc4 23.Qxd8 Rxd8 24.Rxc4 Rb8 25.b3 Rb6 26.Rec1 Bf5 27.Nc5 Nxf4 28.
Re1 Nd5 29.Ra4 Ra8 30.Ra5 Kf7 31.Na4 Rd8 32.Rxa7+ 1-0

[Event "zonal 3.2"]
[Site "Jakarta INA"]
[Date "1993.??.??"]
[Round "2"]
[White "Nishimura, Hiroyuki"]
[Black "Mohd Kamal, Abdullah"]
[Result "1-0"]
[WhiteElo "2325"]
[BlackElo "2230"]
[EventDate "1993.01.??"]
[PlyCount "77"]

1.d4 Nf6 2.Nf3 g6 3.Bg5 Bg7 4.Nbd2 O-O 5.e4 d6 6.c3 c5 7.dxc5 dxc5 8.Bc4 
Nc6 9.O-O Qc7 10.Qe2 Nd7 11.h3 Nde5 12.Nxe5 Nxe5 13.Bb3 b5 14.Bd5 Rb8 15.
f4 e6 16.fxe5 exd5 17.exd5 Bxe5 18.Rae1 f6 19.Bh6 Re8 20.Ne4 Bf5 21.Nxf6+ 
Bxf6 22.Qxe8+ Rxe8 23.Rxe8+ Kf7 24.Rf8+ Ke7 25.Re1+ Be5 26.Bg7 Qd6 27.Ra8 
Kf7 28.Rxa7+ Bd7 29.Bxe5 Qxd5 30.c4 bxc4 31.Ra3 Bc6 32.Rf3+ Ke7 33.Rf2 Kd7
34.Bc3 Kc7 35.Re7+ Kb6 36.Re5 Qd1+ 37.Kh2 h6 38.Re6 Qd3 39.Rff6 1-0

[Event "zonal 3.2"]
[Site "Jakarta INA"]
[Date "1993.??.??"]
[Round "2"]
[White "Mok Tze Meng"]
[Black "Ker, Anthony"]
[Result "1-0"]
[WhiteElo "2200"]
[BlackElo "2320"]
[EventDate "1993.01.??"]
[PlyCount "117"]

1.e4 d6 2.d4 Nf6 3.Nc3 g6 4.Nf3 Bg7 5.Be2 O-O 6.O-O Bg4 7.Be3 Nc6 8.Qd2 e5
9.dxe5 dxe5 10.Rad1 Qc8 11.Qc1 Rd8 12.Rxd8+ Qxd8 13.Rd1 Qf8 14.h3 Bxf3 15.
Bxf3 h5 16.Nb5 Rc8 17.c3 Kh7 18.Kf1 Bh6 19.Bxh6 Qxh6 20.Qxh6+ Kxh6 21.Ke2 
Kg7 22.Ke3 Kf8 23.Be2 Ke7 24.b4 a5 25.a3 Ne8 26.Bc4 Ra8 27.Rd5 b6 28.Bb3 
f6 29.Rd2 Nb8 30.a4 c6 31.Na3 axb4 32.cxb4 b5 33.a5 Na6 34.Nc2 Nd6 35.Rd3 
c5 36.Bd5 Rc8 37.Rc3 Nxb4 38.Nxb4 cxb4 39.Rxc8 Nxc8 40.h4 Kd6 41.Bf7 Ne7 
42.f3 f5 43.Kd3 Kc5 44.Be8 f4 45.Kc2 Nc6 46.a6 Kb6 47.Bxg6 Ne7 48.Bxh5 Ng8
49.Bf7 Nh6 50.Be6 Kxa6 51.Kb3 Ka5 52.Bd5 Ka6 53.Kxb4 Kb6 54.h5 Kc7 55.Kxb5
Kd6 56.Kb6 Kd7 57.Kc5 Ke7 58.Kc6 Kf6 59.Kd6 1-0

[Event "zonal 3.2"]
[Site "Jakarta INA"]
[Date "1993.??.??"]
[Round "3"]
[White "Handoko, Edhi"]
[Black "Tu Hoang Thong"]
[Result "1-0"]
[WhiteElo "2475"]
[BlackElo "2435"]
[EventDate "1993.01.??"]
[PlyCount "128"]

1.e4 c5 2.c3 b6 3.d4 Bb7 4.Nd2 Nf6 5.Bd3 cxd4 6.cxd4 Nc6 7.Qa4 e6 8.a3 a6 
9.Ngf3 b5 10.Qd1 Qb6 11.Nb3 a5 12.Be3 Ng4 13.O-O Nxe3 14.fxe3 Be7 15.e5 f5
16.exf6 gxf6 17.Rc1 d6 18.Nbd2 Na7 19.a4 Rc8 20.Rxc8+ Bxc8 21.axb5 d5 22.
Nh4 Bd7 23.Qh5+ Kd8 24.Qh6 Re8 25.Qxh7 Nxb5 26.Ng6 Bb4 27.Nf3 e5 28.Nfxe5 
fxe5 29.Rf7 Be6 30.Rb7 Qc6 31.Nxe5 Qc1+ 32.Bf1 Bd6 33.Rxb5 Bxe5 34.dxe5 
Qxe3+ 35.Kh1 Rf8 36.Qb1 Qf2 37.Rb8+ Ke7 38.Rxf8 Kxf8 39.Bd3 Qe3 40.Qf1+ 
Kg8 41.Qf6 Qe1+ 42.Bf1 Bf7 43.h3 d4 44.Kh2 Qe4 45.Qf3 Qxe5+ 46.Qg3+ Qxg3+ 
47.Kxg3 Bg6 48.Bc4+ Kg7 49.Kf4 Kf6 50.g4 Bc2 51.h4 Kg6 52.Bb5 Kh6 53.Be8 
Kg7 54.g5 Kh7 55.h5 Kg7 56.Bc6 Kf7 57.Be4 Bd1 58.h6 Be2 59.g6+ Kf6 60.g7 
Bc4 61.Bh7 d3 62.Ke3 Kg5 63.Bxd3 Kxh6 64.Bxc4 Kxg7 1-0

[Event "zonal 3.2"]
[Site "Jakarta INA"]
[Date "1993.??.??"]
[Round "3"]
[White "Gunawan, Ruben"]
[Black "Ker, Anthony"]
[Result "1/2-1/2"]
[WhiteElo "2420"]
[BlackElo "2320"]
[EventDate "1993.01.??"]
[PlyCount "145"]

1.d4 Nf6 2.c4 c5 3.Nf3 cxd4 4.Nxd4 g6 5.Nc3 Bg7 6.e4 d6 7.Be2 O-O 8.O-O 
Nc6 9.Be3 Bd7 10.Rc1 a6 11.a3 Rb8 12.b4 b5 13.f3 bxc4 14.Bxc4 Nxd4 15.Bxd4
Bb5 16.Qd3 Qd7 17.Bxb5 axb5 18.Bxf6 Bxf6 19.Nd5 Qa7+ 20.Kh1 Kg7 21.Rc7 Rb7
22.Rfc1 Rfb8 23.h3 Bb2 24.R1c2 Rxc7 25.Rxc7 Rb7 26.Rxb7 Qxb7 27.Qc2 Bd4 
28.Qc7 Qa6 29.Qa5 Qc6 30.Qc7 Qa6 31.Qa5 Qc6 32.Qc7 Qc4 33.Qxc4 bxc4 34.b5 
c3 35.Nb4 Bc5 36.Nd3 Bxa3 37.b6 Bc5 38.b7 Ba7 39.Nb4 Kf8 40.Kh2 Bb8 41.Kg3
Ke8 42.Kf2 Kd7 43.Ke2 Kc7 44.Nd5+ Kxb7 45.Nxe7 Bc7 46.Kd3 Ba5 47.g4 Kb6 
48.Nd5+ Kc5 49.Nf6 Kb4 50.Kc2 Kc4 51.Ne8 Bb4 52.Nf6 Ba5 53.Ne8 Bb4 54.Nf6 
h6 55.Ng8 h5 56.gxh5 gxh5 57.Nh6 Kd4 58.Nxf7 Ke3 59.e5 d5 60.e6 Kxf3 61.
Ne5+ Kg3 62.Nc6 Bd6 63.Kxc3 Kxh3 64.e7 Bxe7 65.Nxe7 Kg4 66.Nxd5 Kf3 67.Kd2
h4 68.Ne3 h3 69.Nf1 Kf2 70.Nh2 Kg2 71.Ke2 Kxh2 72.Kf2 Kh1 73.Kf1 1/2-1/2

[Event "zonal 3.2"]
[Site "Jakarta INA"]
[Date "1993.??.??"]
[Round "3"]
[White "Reilly, Tim"]
[Black "Hsu Li Yang"]
[Result "0-1"]
[WhiteElo "2350"]
[BlackElo "2370"]
[EventDate "1993.01.??"]
[PlyCount "78"]

1.d4 Nf6 2.c4 e6 3.Nc3 Bb4 4.e3 O-O 5.Bd3 d5 6.cxd5 exd5 7.Ne2 Re8 8.O-O 
Nbd7 9.f3 c5 10.Kh1 a6 11.g4 Nf8 12.dxc5 Bxc5 13.g5 Nh5 14.Nxd5 Be6 15.
Nec3 Qxg5 16.Rg1 Qd8 17.b4 Ba7 18.Bb2 Ng6 19.Be4 f5 20.Bc2 Rc8 21.Bb3 Kh8 
22.Qe2 f4 23.Ne4 Bxd5 24.Rad1 Rxe4 25.Rxd5 Qh4 26.fxe4 Ng3+ 27.Rxg3 fxg3 
28.Rd7 Qxe4+ 29.Qg2 Qb1+ 30.Rd1 Qf5 31.Qxb7 Ne7 32.Rg1 Bb8 33.Qg2 Rf8 34.
hxg3 Qg4 35.Rf1 Rxf1+ 36.Qxf1 Nf5 37.Qg2 Nxe3 38.Qb7 Qh3+ 39.Kg1 Qxg3+ 0-1

[Event "zonal 3.2"]
[Site "Jakarta INA"]
[Date "1993.??.??"]
[Round "3"]
[White "Barus, Cerdas"]
[Black "Nishimura, Hiroyuki"]
[Result "1-0"]
[WhiteElo "2375"]
[BlackElo "2325"]
[EventDate "1993.01.??"]
[PlyCount "64"]

1.d4 f5 2.c4 Nf6 3.g3 g6 4.Bg2 Bg7 5.Nf3 O-O 6.O-O d6 7.Nc3 Qe8 8.Nd5 Na6 
9.Nxf6+ Rxf6 10.Bg5 Rf7 11.Qd2 e5 12.Bh6 e4 13.Ne1 Bf6 14.f3 e3 15.Bxe3 
Re7 16.Nc2 c5 17.Bh6 Rxe2 18.Rae1 Rxe1 19.Rxe1 Qf7 20.f4 Nc7 21.b3 Rb8 22.
dxc5 dxc5 23.Qd6 b5 24.Bd5 Nxd5 25.Qxb8 Nb6 26.Qd6 bxc4 27.bxc4 Bd7 28.a4 
Bd8 29.a5 Nc8 30.Qxc5 Be7 31.Qc7 Be6 32.Nd4 Bf6 1-0

[Event "zonal 3.2"]
[Site "Jakarta INA"]
[Date "1993.??.??"]
[Round "3"]
[White "Rodriguez, Ruben"]
[Black "Juswanto, Denny"]
[Result "1-0"]
[WhiteElo "2415"]
[BlackElo "2280"]
[EventDate "1993.01.??"]
[PlyCount "69"]

1.d4 Nf6 2.c4 c6 3.Nc3 d5 4.Nf3 g6 5.Bf4 Bg7 6.e3 O-O 7.h3 Bf5 8.Qb3 Bc8 
9.Ne5 e6 10.Be2 Nbd7 11.O-O Nxe5 12.Bxe5 Nd7 13.Bd6 Re8 14.cxd5 exd5 15.
Bh2 Nb6 16.Bd3 Re7 17.Ne2 Bf8 18.Qc2 Re8 19.a3 a5 20.b3 Nd7 21.Qb2 Qe7 22.
Nf4 Nf6 23.Rfe1 Bd7 24.Bc2 Bg7 25.f3 Red8 26.Qc3 Ne8 27.Bd3 Nd6 28.g4 Be8 
29.Qd2 a4 30.b4 Bd7 31.Qf2 Re8 32.e4 dxe4 33.fxe4 Qg5 34.Bg3 h6 35.e5 1-0

[Event "zonal 3.2"]
[Site "Jakarta INA"]
[Date "1993.??.??"]
[Round "3"]
[White "Norris, Damian"]
[Black "Yang Xian"]
[Result "0-1"]
[WhiteElo "2235"]
[BlackElo "2415"]
[EventDate "1993.01.??"]
[PlyCount "158"]

1.e4 c5 2.Nf3 d6 3.d4 cxd4 4.Nxd4 Nf6 5.Nc3 a6 6.a4 e5 7.Nb3 Be7 8.Bc4 Qc7
9.Bd5 Be6 10.Be3 O-O 11.O-O Nbd7 12.a5 Rac8 13.Rc1 Bxd5 14.Nxd5 Nxd5 15.
Qxd5 Nf6 16.Qd3 Qc4 17.Bg5 h6 18.Bxf6 Bxf6 19.Rfd1 Bg5 20.Qxc4 Rxc4 21.Nd2
Ra4 22.Rb1 Rc8 23.b3 Rxa5 24.Nc4 Ra2 25.Rxd6 Rxc2 26.Rd7 b5 27.Nxe5 Rc1+ 
28.Rd1 Rxb1 29.Rxb1 Re8 30.Nd3 Rxe4 31.Nc5 Re2 32.Nxa6 Be7 33.b4 Rc2 34.
Kf1 Kf8 35.Rd1 Rc6 36.Ra1 Ke8 37.Ke2 Rc2+ 38.Kf3 Rc6 39.Ke3 Kd8 40.Rd1+ 
Kc8 41.Nc5 Bxc5+ 42.bxc5 Rxc5 43.Rd6 Kc7 44.Ra6 Kb7 45.Rd6 b4 46.Kd4 Rc1 
47.Ke3 Rc6 48.Rd4 Rb6 49.Kd2 Kc6 50.Kc2 Kc5 51.Rd7 Rf6 52.f3 Rg6 53.g3 Rf6
54.f4 g5 55.fxg5 hxg5 56.h4 Rf2+ 57.Kb3 Rf3+ 58.Kb2 g4 59.h5 f5 60.Rf7 Kc4
61.h6 Rf2+ 62.Kc1 Kc3 63.Rc7+ Kd3 64.Rc5 Rh2 65.Rxf5 Rxh6 66.Rf4 Kc3 67.
Rf1 b3 68.Re1 b2+ 69.Kb1 Rd6 70.Re3+ Rd3 71.Re1 Rxg3 72.Ka2 Rg2 73.Re3+ 
Kd4 74.Rb3 g3 75.Kb1 Ke4 76.Rb8 Rf2 77.Re8+ Kf3 78.Rf8+ Ke2 79.Rg8 g2 0-1

[Event "zonal 3.2"]
[Site "Jakarta INA"]
[Date "1993.??.??"]
[Round "3"]
[White "Wohl, Aleksandar"]
[Black "Mohd Kamal, Abdullah"]
[Result "1-0"]
[WhiteElo "2360"]
[BlackElo "2230"]
[EventDate "1993.01.??"]
[PlyCount "57"]

1.g3 g6 2.Bg2 Bg7 3.c4 c5 4.Nf3 Nc6 5.O-O Nf6 6.Nc3 O-O 7.d4 cxd4 8.Nxd4 
Qb6 9.Nc2 d6 10.b3 a5 11.Be3 Qd8 12.h3 Nd7 13.Qd2 Nc5 14.Rad1 Bf5 15.Nd4 
Nxd4 16.Bxd4 Bxd4 17.Qxd4 Bd7 18.e4 Ne6 19.Qe3 a4 20.e5 axb3 21.axb3 Ra3 
22.exd6 exd6 23.Ne4 b5 24.Nxd6 Qg5 25.Qc3 Nc5 26.Rd5 Qe7 27.cxb5 Nxb3 28.
Ne4 f5 29.Nc5 1-0

[Event "zonal 3.2"]
[Site "Jakarta INA"]
[Date "1993.??.??"]
[Round "4"]
[White "Utut Adianto"]
[Black "Handoko, Edhi"]
[Result "1-0"]
[WhiteElo "2490"]
[BlackElo "2475"]
[EventDate "1993.01.??"]
[PlyCount "57"]

1.d4 Nf6 2.c4 e6 3.Nf3 d5 4.Nc3 c6 5.cxd5 exd5 6.Bg5 Bb4 7.Rc1 Nbd7 8.a3 
Be7 9.e3 Ne4 10.Bxe7 Qxe7 11.Bd3 O-O 12.O-O f5 13.b4 a6 14.Na4 a5 15.Nc5 
axb4 16.axb4 Ndxc5 17.bxc5 f4 18.exf4 Rxf4 19.Ne5 Ra2 20.Rc2 Rxc2 21.Qxc2 
Nf6 22.Qd2 Rh4 23.Ra1 Bd7 24.Ra8+ Be8 25.g3 Rh5 26.Qb2 Qc7 27.Ra7 Qc8 28.
Qxb7 Qxb7 29.Rxb7 1-0

[Event "zonal 3.2"]
[Site "Jakarta INA"]
[Date "1993.??.??"]
[Round "4"]
[White "Johansen, Darryl"]
[Black "Rodriguez, Ruben"]
[Result "1-0"]
[WhiteElo "2500"]
[BlackElo "2415"]
[EventDate "1993.01.??"]
[PlyCount "57"]

1.Nf3 c5 2.g3 Nc6 3.Bg2 g6 4.c4 Bg7 5.Nc3 Nf6 6.d4 O-O 7.O-O d6 8.d5 Na5 
9.Nd2 a6 10.Qc2 Rb8 11.b3 b5 12.Rb1 bxc4 13.bxc4 Rxb1 14.Ncxb1 e6 15.Bb2 
exd5 16.cxd5 Re8 17.e4 Bd7 18.Na3 Bb5 19.Rb1 c4 20.Bc3 Bd7 21.Qb2 Bc8 22.
Naxc4 Nxc4 23.Nxc4 Qe7 24.Qa3 Nxe4 25.Bxg7 Kxg7 26.Bxe4 Qxe4 27.Qb2+ Kg8 
28.Nxd6 Qf3 29.Nxe8 1-0

[Event "zonal 3.2"]
[Site "Jakarta INA"]
[Date "1993.??.??"]
[Round "4"]
[White "Tu Hoang Thong"]
[Black "Hsu Li Yang"]
[Result "1-0"]
[WhiteElo "2435"]
[BlackElo "2370"]
[EventDate "1993.01.??"]
[PlyCount "63"]

1.f4 d5 2.Nf3 Nf6 3.g3 g6 4.Bg2 Bg7 5.O-O O-O 6.d3 c5 7.Nc3 Nc6 8.e4 dxe4 
9.dxe4 e5 10.Qxd8 Rxd8 11.Nxe5 Nxe5 12.fxe5 Ng4 13.Bg5 Re8 14.h3 h6 15.Bf6
Nxe5 16.Nd5 Rb8 17.Nc7 Rf8 18.Be7 Bd7 19.Bxf8 Kxf8 20.Rad1 Rc8 21.Nd5 Be6 
22.b3 Ke8 23.Rf2 Nc6 24.c3 Ne5 25.Bf1 a6 26.Kg2 Rc6 27.Rfd2 h5 28.Nf4 Bd7 
29.Bc4 Rc7 30.Bd5 Ke7 31.Rf2 b5 32.Bxf7 1-0

[Event "zonal 3.2"]
[Site "Jakarta INA"]
[Date "1993.??.??"]
[Round "4"]
[White "Gunawan, Ruben"]
[Black "Wohl, Aleksandar"]
[Result "1-0"]
[WhiteElo "2420"]
[BlackElo "2360"]
[EventDate "1993.01.??"]
[PlyCount "55"]

1.e4 Nc6 2.Nf3 e5 3.Bb5 Nge7 4.c3 a6 5.Ba4 d6 6.d4 Bd7 7.Bb3 h6 8.O-O Ng6 
9.Be3 Be7 10.Nbd2 Bg5 11.a4 Qf6 12.Re1 Nf4 13.Bxf4 Bxf4 14.Bc4 Qg6 15.Bf1 
Bg4 16.Qb3 exd4 17.Qxb7 Kd7 18.Nc4 Rab8 19.Nb6+ Kd8 20.Qxc6 Rxb6 21.Qa8+ 
Kd7 22.Qxh8 Bxf3 23.g3 Rxb2 24.cxd4 Bd2 25.Reb1 Rxb1 26.Rxb1 Qxe4 27.Rb8 
Bc3 28.Qc8+ 1-0

[Event "zonal 3.2"]
[Site "Jakarta INA"]
[Date "1993.??.??"]
[Round "4"]
[White "Mohd Kamal, Abdullah"]
[Black "Reilly, Tim"]
[Result "1-0"]
[WhiteElo "2230"]
[BlackElo "2350"]
[EventDate "1993.01.??"]
[PlyCount "95"]

1.e4 d6 2.d4 Nf6 3.Nc3 g6 4.Be3 c6 5.Qd2 b5 6.Bd3 Nbd7 7.Nf3 Bg7 8.O-O O-O
9.Bh6 e5 10.Bxg7 Kxg7 11.a4 b4 12.Ne2 a5 13.c3 Rb8 14.Ng3 h6 15.Rad1 Re8 
16.dxe5 dxe5 17.Bc4 Qe7 18.Nh4 Nc5 19.Rfe1 Nxa4 20.Ra1 bxc3 21.bxc3 Nb6 
22.Ba6 Nh7 23.Nhf5+ Bxf5 24.exf5 a4 25.Bd3 Rbd8 26.Qc2 Qd6 27.Red1 Qf6 28.
Rab1 Rb8 29.Rb4 a3 30.Rg4 Kh8 31.fxg6 fxg6 32.Rxg6 Qf4 33.Nh5 Qa4 34.Qd2 
a2 35.Rxh6 Re7 36.Ra1 e4 37.Qg5 Rbb7 38.Qf6+ Rg7 39.Nxg7 Kg8 40.Qd8+ Kxg7 
41.Rh4 Nf6 42.Qh8+ Kf7 43.Rh7+ Ke6 44.Rxb7 exd3 45.Qh3+ Ke5 46.Qe3+ Ne4 
47.Re7+ Kd5 48.Qxd3+ 1-0

[Event "zonal 3.2"]
[Site "Jakarta INA"]
[Date "1993.??.??"]
[Round "4"]
[White "Ker, Anthony"]
[Black "Norris, Damian"]
[Result "1-0"]
[WhiteElo "2320"]
[BlackElo "2235"]
[EventDate "1993.01.??"]
[PlyCount "53"]

1.d4 Nf6 2.c4 e6 3.Nc3 Bb4 4.Bg5 c5 5.d5 e5 6.e3 Qa5 7.f3 Bxc3+ 8.bxc3 
Qxc3+ 9.Kf2 e4 10.Ne2 Qxc4 11.Bxf6 gxf6 12.Ng3 Qb4 13.Nxe4 Qb2+ 14.Be2 O-O
15.Nxc5 b6 16.Nd3 Qa3 17.Nf4 Qe7 18.Rc1 Ba6 19.Qa4 Bxe2 20.Nxe2 Qe5 21.
Rhd1 Re8 22.Rd3 Kf8 23.Ng3 h5 24.Rc2 h4 25.Qxh4 d6 26.f4 Qa1 27.Nf5 1-0

[Event "zonal 3.2"]
[Site "Jakarta INA"]
[Date "1993.??.??"]
[Round "4"]
[White "Nishimura, Hiroyuki"]
[Black "Mok Tze Meng"]
[Result "1-0"]
[WhiteElo "2325"]
[BlackElo "2200"]
[EventDate "1993.01.??"]
[PlyCount "71"]

1.d4 g6 2.Nf3 Bg7 3.c3 d5 4.Bf4 Nf6 5.Nbd2 O-O 6.e3 b6 7.h3 c5 8.Bd3 Ba6 
9.Bxa6 Nxa6 10.O-O Nc7 11.a4 Ne6 12.Bh2 cxd4 13.cxd4 Qd7 14.Ne5 Qb7 15.b4 
Nd7 16.Nd3 a6 17.b5 a5 18.Qb3 Rfc8 19.Qa3 Bf8 20.Nf3 Nd8 21.Qb3 e6 22.Nfe5
Nxe5 23.Bxe5 Be7 24.Rac1 f6 25.Bg3 Qd7 26.Qb2 Nb7 27.Rc6 Bd6 28.Rxb6 Bxg3 
29.fxg3 Nd6 30.Nc5 Qe7 31.Qf2 Rxc5 32.dxc5 Ne4 33.Qf4 e5 34.Qf3 Qxc5 35.
Rxf6 Nd2 36.Rf8+ 1-0

[Event "zonal 3.2"]
[Site "Jakarta INA"]
[Date "1993.??.??"]
[Round "5"]
[White "Rogers, Ian"]
[Black "Johansen, Darryl"]
[Result "1/2-1/2"]
[WhiteElo "2575"]
[BlackElo "2500"]
[EventDate "1993.01.??"]
[PlyCount "50"]

1.d4 Nf6 2.Nf3 b6 3.Bg5 Ne4 4.Bh4 g6 5.e3 Bg7 6.Bd3 Bb7 7.c4 O-O 8.Qc2 Nf6
9.e4 d6 10.Nc3 Nc6 11.a3 Nd7 12.Ne2 a5 13.O-O a4 14.Qd1 h6 15.h3 g5 16.Bg3
e5 17.d5 Ne7 18.Bc2 Nc5 19.Nc3 Qe8 20.Nd2 Bc8 21.Nb5 Qd8 22.Nb1 f5 23.f3 
f4 24.Bf2 h5 25.N1c3 g4 1/2-1/2

[Event "zonal 3.2"]
[Site "Jakarta INA"]
[Date "1993.??.??"]
[Round "5"]
[White "Rodriguez, Ruben"]
[Black "Utut Adianto"]
[Result "1-0"]
[WhiteElo "2415"]
[BlackElo "2490"]
[EventDate "1993.01.??"]
[PlyCount "121"]

1.e4 c6 2.d4 d5 3.f3 g6 4.Nc3 Bg7 5.Be3 dxe4 6.fxe4 Nf6 7.Nf3 Ng4 8.Bf4 c5
9.Nd5 O-O 10.h3 e6 11.Nc7 e5 12.Nxa8 exf4 13.hxg4 Bxg4 14.Qd2 Nc6 15.d5 
Bxb2 16.Rb1 Qf6 17.Rxb2 Qxb2 18.dxc6 Rxa8 19.Qxf4 h5 20.cxb7 Qxb7 21.Kf2 
Qb2 22.Qd2 Qxa2 23.Qc3 Rb8 24.Bc4 Qb2 25.Qd3 Kg7 26.Kg3 Rb7 27.Qd5 Re7 28.
Qxc5 Rxe4 29.Bd3 Qb8+ 30.Kf2 Re6 31.Qd4+ Rf6 32.Ra1 Bxf3 33.gxf3 Qh2+ 34.
Ke3 Qg3 35.Be4 h4 36.Kd3 Qg5 37.c4 h3 38.c5 h2 39.c6 Qf4 40.Bd5 Qg3 41.Kc4
Qd6 42.f4 Kh6 43.Rf1 a5 44.Kb5 Qb8+ 45.Ka4 Rf5 46.c7 Qe8+ 47.Ka3 Rh5 48.
Qc3 Qc8 49.f5 Rh4 50.Qc1+ g5 51.Qc6+ Kg7 52.Qc3+ Kh7 53.Rc1 Qf8+ 54.Qc5 
Rh3+ 55.Ka2 h1=Q 56.Bxh1 Qe8 57.Bc6 Qe2+ 58.Rc2 Qd3 59.Ba4 Rh4 60.Bb3 a4 
61.Bxf7 1-0